<?xml version="1.0" encoding="UTF-8"?>
<record
    xmlns:xsi="http://www.w3.org/2001/XMLSchema-instance"
    xsi:schemaLocation="http://www.loc.gov/MARC21/slim http://www.loc.gov/standards/marcxml/schema/MARC21slim.xsd"
    xmlns="http://www.loc.gov/MARC21/slim">

  <leader>00983nam a2200181   4500</leader>
  <controlfield tag="005">20251016122344.0</controlfield>
  <controlfield tag="008">251016b        |||||||| |||| 00| 0 eng d</controlfield>
  <datafield tag="020" ind1=" " ind2=" ">
    <subfield code="a">9780143473060</subfield>
  </datafield>
  <datafield tag="082" ind1=" " ind2=" ">
    <subfield code="a">823.914</subfield>
  </datafield>
  <datafield tag="100" ind1=" " ind2=" ">
    <subfield code="a">Roy, Arundhati</subfield>
  </datafield>
  <datafield tag="245" ind1=" " ind2=" ">
    <subfield code="a">Mother Mary comes to me</subfield>
  </datafield>
  <datafield tag="260" ind1=" " ind2=" ">
    <subfield code="a">Gurugram;</subfield>
    <subfield code="b">Penguin:</subfield>
    <subfield code="c">c2025.</subfield>
  </datafield>
  <datafield tag="300" ind1=" " ind2=" ">
    <subfield code="a">x, 373p.</subfield>
  </datafield>
  <datafield tag="500" ind1=" " ind2=" ">
    <subfield code="a">a biography.</subfield>
  </datafield>
  <datafield tag="520" ind1=" " ind2=" ">
    <subfield code="a">Mother Mary Comes to Me is a poignant memoir by Arundhati Roy that traces the fierce, complicated bond between her and her mother, Mary Roy&#x2014;a trailblazing educator and activist who famously won a landmark Supreme Court case securing equal inheritance rights for Christian women in Kerala. Through vivid recollections and lyrical prose, Roy explores themes of love, rebellion, grief, and legacy. The book blends personal memory with public history, offering an intimate portrait of a woman who shaped her daughter&#x2019;s life and India&#x2019;s legal landscape.</subfield>
  </datafield>
  <datafield tag="650" ind1=" " ind2=" ">
    <subfield code="a">biography</subfield>
  </datafield>
  <datafield tag="942" ind1=" " ind2=" ">
    <subfield code="2">ddc</subfield>
    <subfield code="n">0</subfield>
    <subfield code="c">C</subfield>
  </datafield>
  <datafield tag="999" ind1=" " ind2=" ">
    <subfield code="c">30591</subfield>
    <subfield code="d">30591</subfield>
  </datafield>
  <datafield tag="952" ind1=" " ind2=" ">
    <subfield code="0">0</subfield>
    <subfield code="1">0</subfield>
    <subfield code="2">ddc</subfield>
    <subfield code="4">0</subfield>
    <subfield code="7">0</subfield>
    <subfield code="a">IMI</subfield>
    <subfield code="b">IMI</subfield>
    <subfield code="d">2025-10-15</subfield>
    <subfield code="l">5</subfield>
    <subfield code="m">1</subfield>
    <subfield code="o">823.914 ROY</subfield>
    <subfield code="p">22198</subfield>
    <subfield code="q">2026-05-24</subfield>
    <subfield code="r">2026-02-23 16:26:10</subfield>
    <subfield code="s">2026-02-23</subfield>
    <subfield code="w">2025-10-16</subfield>
    <subfield code="y">C</subfield>
  </datafield>
</record>
